Programa especial para la promoción académica en Centroamérica
Uloženo v:
| Médium: | Text |
|---|---|
| Jazyk: | Spanish |
| Témata: | |
| Tagy: |
Přidat tag
Žádné tagy, Buďte první, kdo vytvoří štítek k tomuto záznamu!
|
MARC
| LEADER | 00000 a a2200000 04500 | ||
|---|---|---|---|
| 001 | 7883 | ||
| 003 | cru CRAI/IIS | ||
| 005 | 20210520150137.0 | ||
| 008 | 210520b |||||||| |||| 00| 0 spa d | ||
| 040 | |c cru CRAI/IIS | ||
| 245 | |a Programa especial para la promoción académica en Centroamérica | ||
| 500 | |a Colección Centroamérica | ||
| 650 | |a ENSEÑANZA | ||
| 650 | |a UNIVERSIDADES | ||
| 650 | |a CAPACITACION | ||
| 650 | |a RECURSOS HUMANOS | ||
| 650 | |a COOPERACION INTERNACIONAL | ||
| 773 | |g número 48; páginas 147-151 | ||
| 773 | 0 | |0 18875 |9 5293 |a Universidad de Costa Rica. |d San José, Costa Rica: Universidad de Costa Rica. Consejo Superior Universitario Centroamericano, 1972- |o 14337 |t Estudios Sociales Centroamericanos / |x 03039676 | |
| 942 | |2 ddc |c PP | ||
| 999 | |c 24254 |d 24254 | ||
